Statistics for Candy Bar Advertising Slogans

Click here to take the quiz!

General Stats

  • This quiz has been taken 57 times
  • The average score is 11 of 25

Answer Stats

HintAnswer% Correct
Give me a break, give me a break...Kit Kat
94%
Taste the rainbowSkittles
91%
The great American chocolate barHershey
78%
A fistful of peanuts in every barSnickers
75%
Melts in your mouth, not in your handM & M's
66%
Nobody better lay a finger on my...Butterfinger
63%
How many licks does it take to get to the center?Tootsie Pop
63%
Sometimes you feel like a nutAlmond Joy
56%
Can't get enough peanuts? Get a....Payday
50%
Curiously strong mintsAltoids
47%
Sometimes you don'tMounds
44%
Two great tastes that taste great togetherReese's
44%
Double your pleasure, double your funDoublemint Gum
41%
At work, rest, and play you get three great tastes in aMilky Way
41%
Isn't life juicy?Starburst
41%
A lighter way to enjoy chocolate3 Musketeers
34%
It's all in the mixTwix
34%
A hole lot of funLife Savers
25%
The freshmakerMentos
25%
Music to your mouthNestle Crunch
22%
Get the sensationYork Peppermint Patty
22%
Make mouths happyTwizzlers
19%
Dirty mouth? Chew on this.Orbit gum
9%
It's thicker-erChunky
3%
Four bars in one that's...Skybar
0%

Score Distribution

Percentile by Number Answered

Percent of People with Each Score

Your Score History

You have not taken this quiz